A MANDATE TO PROTECT AND ASSIST REFUGEES (Record no. 33451)

MARC details
000 -LEADER
fixed length control field 00332nam a22001337a 4500
003 - CONTROL NUMBER IDENTIFIER
control field SGT
082 ## - DEWEY DECIMAL CLASSIFICATION NUMBER
Classification number 325.21
Item number UNH
100 ## - MAIN ENTRY--PERSONAL NAME
Personal name UNHCR
245 ## - TITLE STATEMENT
Title A MANDATE TO PROTECT AND ASSIST REFUGEES
Remainder of title 20 YEARS OF SERVICE IN THE CAUSE OF REFUGEES 1951-1971
250 ## - EDITION STATEMENT
Edition statement 1
260 ## - PUBLICATION, DISTRIBUTION, ETC. (IMPRINT)
Place of publication, distribution, etc SWITZERLAND
Name of publisher, distributor, etc UNHCR
300 ## - PAGE DESCRIPTION
No. of Pages 136
942 ## - ADDED ENTRY ELEMENTS (KOHA)
Source of classification or shelving scheme Dewey Decimal Classification
Koha item type Books
Holdings
Withdrawn status Lost status Source of classification or shelving scheme Damaged status Not for loan Collection code Home library Current library Date acquired SGTU Total Checkouts Full call number Accession No. (Barcode) Date last seen Bill Date Koha item type
    Dewey Decimal Classification   Not For Loan LAW SGT Science & Social Sciences Library SGT Science & Social Sciences Library 22/01/2026 SGTU   325.21 UNH FL3934 22/01/2026 22/01/2026 Books